000
00294nam a2200109Ia 4500
008
220204s9999 xx 000 0 und d
082
_b
RUB;1
245
0
_a
Directory of rubber goods manufacturers in India 2003-2004
250
_a
Rev Ed.6
260
_a
Kottayam
_b
Rubber Board
_c
2004
942
_c
BK
999
_c
44121
_d
44121